| 000 | 00521nam a22001577a 4500 | ||
|---|---|---|---|
| 003 | NUST | ||
| 038 | _aNusrat Nadeem | ||
| 082 | _a200 | ||
| 100 |
_a Arwa Zainab Irfan _9133498 |
||
| 245 |
_aAnalyzing the Impact of Short-Form Video Features on Purchase Intentions of Users/ _cIrfan Arwa Zainab |
||
| 264 |
_aIslamabad: _bNBS NUST. _c2026. |
||
| 690 |
_aMS-Marketing _9130980 |
||
| 700 |
_aSupervisor: Dr. M. Adnan Waseem _9133499 |
||
| 856 | _u http://10.250.8.41:8080/xmlui/handle/123456789/57393 | ||
| 942 |
_2ddc _cSC |
||
| 999 |
_c616461 _d616461 |
||